000
00264nam a22001097a 4500
050
_a
QD 181
_b
.D1 L58
100
_a
Ingvar Lindqvist
245
_a
Inorganic adduct molecules of oxo-compounds.
260
_a
Berlin
_b
Springer
_c
1963.
300
_a
128 p.
942
_c
GEN
999
_c
2353
_d
2353